LIBRARY & INFORMATION CENTRE, KCAET, TAVANUR

ONLINE PUBLIC ACCESS CATALOGUE (OPAC)

Apni karni / (Record no. 8138)

MARC details
000 -LEADER
fixed length control field 00430cam a2200193ua 4500
041 ## - LANGUAGE CODE
Language code of text/sound track or separate title hin
082 ## - DEWEY DECIMAL CLASSIFICATION NUMBER
Classification number 891.54
Item number ARI/AP
100 ## - MAIN ENTRY--AUTHOR NAME
Personal name Arigpudi, .
245 ## - TITLE STATEMENT
Title Apni karni /
250 ## - EDITION STATEMENT
Edition statement 1 /
260 ## - PUBLICATION, DISTRIBUTION, ETC. (IMPRINT)
Place of publication :
Name of publisher Rajpal and Sanch ,
Year of publication 1959.
300 ## - PHYSICAL DESCRIPTION
Number of Pages 121 ; .
942 ## - ADDED ENTRY ELEMENTS (KOHA)
Koha item type Books
Holdings
Withdrawn status Lost status Damaged status Home library Current library Date acquired Full call number Accession Number Koha item type
Withdrawn     KAUAET Sanskrit University 07/04/2012 891.54 5748 Books
Withdrawn     KAUAET Sanskrit University 07/04/2012 891.54 2256 Books
free website counter